Rozhodovanie pri uplatňovaní princípu významnosti diplomová práca

Gespeichert in:
Bibliographische Detailangaben
1. Verfasser: Hatosová, Denisa
Körperschaft: Fakulta hospodárskej informatiky EU. Katedra účtovníctva a audítorstva
Weitere Verfasser: Mokošová, Daša, 1979-
Format: Buch
Sprache:Slowakisch
Veröffentlicht: Bratislava 2018
Tags: Tag hinzufügen
Keine Tags, Fügen Sie das erste Tag hinzu!

MARC

LEADER 00000nbm a2200000 4500
001 0243566
005 20181108091149.2
041 0 |a slo 
044 |a SK 
245 1 0 |a Rozhodovanie pri uplatňovaní princípu významnosti  |b diplomová práca  |c Denisa Hatosová ; školiteľ: Daša Mokošová 
264 1 |a Bratislava  |c 2018 
300 |a 58 s. 
100 1 |a Hatosová, Denisa 
700 1 |a Mokošová, Daša, 1979- 
710 2 |a Fakulta hospodárskej informatiky EU. Katedra účtovníctva a audítorstva